Представление документа в формате RUSMARC

Поле Инд. ПП Название Значение
Тип записи a
Библиографический уровень a
001 Контрольный номер eafc4236b4ef44f8ad90cf9a7a4dafab
005 Дата корректировки 20181120134549.7
100 a Данные общей обработки 20181008 ||| 0rusy0189 ca
101 0_ a Язык текста rus
102 a Страна публикации RU
200 1_ f Первые сведения об ответственности К.А. Павленко
a Заглавие О предпосылках закрепления презумпции достоверности доказательств в административном судопроизводстве
b Общее обозначение материала Текст
210 d Дата издания 2018
461 _0 1 2000
a Российский судья
463 _0 1 2000
a №9
v С. 44-49
1 2101
d 2018
1 00170d3fe2c6bad472bbba03a9d018576bc
606 a Основная рубрика Гражданское процессуальное право
610 0_ a Ключевые слова АДМИНИСТРАТИВНОЕ СУДОПРОИЗВОДСТВО
a Ключевые слова ДОКАЗАТЕЛЬСТВА
a Ключевые слова ДОКАЗЫВАНИЕ
700 _1 a Фамилия Павленко
b Имя К.А.
801 _0 a Страна RU
b Организация РГУП
c Дата составления 20181008
g Правила каталогизации PSBO
801 _1 a Страна RU
b Организация РГУП
c Дата составления 20181008
g Правила каталогизации PSBO
901 t Тип документа b
w Контрольный № источника 70d3fe2c6bad472bbba03a9d018576bc
905 a Дата ввода 20181008